Responses for Show #6406 - Monday, June 25, 2012

Contestants

[<< previous game]

Melissa Rabey, a teen librarian from Germantown, Maryland

Deniz Cordell, a freelance writer and musical director from West Chesterfield, New Hampshire

Margaret Swanson, a graduate student of architecture from Somerville, Massachusetts (whose 2-day cash winnings total $17,199)

[next game >>]

Jeopardy! Round responses

THE CIVIL WAR
SCANDINAVIAN WORDS WE ALL USE
SINGERS' SONGS FROM THE HEART
(Alex: We're looking for the main singer, the one who had a Top 40 hit with the tune.)
MINE
YOUR PEAS
QUEUES
    $200 1
"Stonewall" Jackson

Margaret
    $200 6
a smorgasbord

Deniz
    $200 10
Tony Bennett

Melissa
    $200 15
fog

Deniz
    $200 21
Disneyland

Melissa
    $400 2
a crank

Deniz
    $400 7
a slalom

Deniz
    $400 11
Toni Braxton

Margaret
    $400 29
[The end-of-round signal sounds.]

uranium

Deniz
    $400 17
the Black Eyed Peas

Melissa
    $400 22
the flu

Deniz
    $600 3
Ghost

Deniz
    $600 8
wicker

Deniz
    $600 12
(Melissa: Who is 'N Sync?)

the Backstreet Boys

MargaretMelissa
    $600 26
turquoise

Deniz
    $600 18
two peas in a pod

Deniz
    $600 23
Arab

Melissa
    $800 4
(George Armstrong) Custer

Deniz
    $800 9
a moped

Melissa
    $800 13
Janis Joplin

Melissa
    $800 27
a canary

Deniz
    $800 19
Some Like It Hot

Deniz
    $800 24
Black Friday

Margaret
    $1000 5
Antietam

Margaret
    $1000 16
krill

Margaret
    $1000 14
Madonna

Melissa
    $1000 28
Sierra Leone

Margaret
    $1000 20
Phillips Exeter Academy

Margaret
    $3,000 25
(Alex: We have less than a minute to go.)

Nicholas II

Margaret

Scores at the first commercial break (after clue 15):

Margaret Deniz Melissa
$2,200 $3,200 $2,200

Scores at the end of the Jeopardy! Round:

Margaret Deniz Melissa
$9,000 $6,800 $3,400

Double Jeopardy! Round responses

YOU GO, GIRL!
SPIRITUAL AUTOBIOGRAPHIES
HOMOPHONIC PAIRS
SOUTH AMERICA
"D" SCIENCE
ROLE CALL
    $400 20
Everest

Deniz
    $400 16
the Quakers

Melissa
    $400 8
a pale pail

Margaret
    $400 25
Lima

Margaret
    $400 1
deciduous

Melissa
    $400 3
(Robert) De Niro

Melissa
    $800 21
Gloria Steinem

Deniz
    $800 17
a Yogi

Melissa
    $800 9
a tacks tax

Deniz
    $800 26
(Alex: Correct, with less than a minute to go.)

the Pampas

Deniz
    $800 2
dry ice

Margaret
    $800 4
Adam Sandler

Deniz
    $1200 22
Life

Deniz
    $1200 18
(Dag) Hammarskjöld

Melissa
    $1200 10
write right

Margaret
    $1200 30
Uruguay

Deniz
    $1200 13
(Margaret: What is the thumb?)

the dewclaw

Margaret
Triple Stumper
    $1200 5
Renee Zellweger

Melissa
    $1600 23
Marian Anderson

Melissa
    $2,000 19
(Melissa: Um... who is Paul XXIII?)

John XXIII

Melissa
    $1600 11
wholly holy

Margaret
    $1600 29
Bolivia

Melissa
    $1600 14
a drone

Deniz
    $1600 6
Julia Roberts

Melissa
    $2000 24
Maya Lin

Margaret
    $2000 27
The Confessions

Deniz
    $2000 12
a mussel muscle

Deniz
    $2000 28
(Melissa: What are Angel Falls?)

Iguazu Falls

Melissa
Triple Stumper
    $3,000 15
(Deniz: What is a diploid?)
(Alex: No.)
(Deniz: Duploid, isn't it?)
(Alex: No, what is [*]?)

a daughter cell

Deniz
    $2000 7
Paul Newman

Margaret

Scores at the end of the Double Jeopardy! Round:

Margaret Deniz Melissa
$16,200 $15,400 $8,600

[wagering suggestions for these scores]

Final Jeopardy! Round responses

PRESIDENTIAL CAMPAIGNS
MelissaWhat is a bull moose?
$8,600
DenizWhat is a Bear?
$9,500
MargaretWhat is a bull moose?
$14,601
a bull moose

Final scores:

Margaret Deniz Melissa
$30,801 $5,900 $17,200
3-day champion: $48,000 3rd place: $1,000 2nd place: $2,000

Game dynamics:

Coryat scores:

Margaret Deniz Melissa
$14,200 $18,400 $10,600
16 R
(including 1 DD),
1 W
23 R,
1 W
(including 1 DD)
16 R,
3 W
(including 1 DD)

Combined Coryat: $43,200

[game clues] [game scores] [suggest correction]

Game tape date: 2012-02-15
The J! Archive is created by fans, for fans. Scraping, republication, monetization, and malicious use prohibited; this site may use cookies and collect identifying information. See terms. The Jeopardy! game show and all elements thereof, including but not limited to copyright and trademark thereto, are the property of Jeopardy Productions, Inc. and are protected under law. This website is not affiliated with, sponsored by, or operated by Jeopardy Productions, Inc. Join the discussion at JBoard.tv.